Đại cương lịch sử Việt Nam T.2
Bộ sách Đại cương Lịch sử Việt Nam gồm 3 tập, trình bày khái quát lịch sử Việt Nam từ thời sơ khai cho đến thời đại ngày nay với bức tranh tổng thể về tất cả các lĩnh vực: xã hội, kinh tế, chính trị, văn hóa, ... Tập 2 nghiên cứu từ...
Na minha lista:
| Autor principal: | |
|---|---|
| Outros Autores: | |
| Formato: | Livro |
| Idioma: | Undetermined |
| Publicado em: |
H.
Giáo dục Việt Nam
2009
|
| Assuntos: | |
| Acesso em linha: | http://lrc.tdmu.edu.vn/opac/search/detail.asp?aID=2&ID=14539 |
| Tags: |
Adicionar Tag
Sem tags, seja o primeiro a adicionar uma tag!
|
| Thư viện lưu trữ: | Trung tâm Học liệu Trường Đại học Thủ Dầu Một |
|---|
| LEADER | 01427nam a2200241Ia 4500 | ||
|---|---|---|---|
| 001 | TDMU_14539 | ||
| 008 | 210410s9999 xx 000 0 und d | ||
| 082 | |a 959.7 | ||
| 090 | |b Đ312 | ||
| 100 | |a Đinh, Xuân Lâm | ||
| 245 | 0 | |a Đại cương lịch sử Việt Nam | |
| 245 | 0 | |c Đinh Xuân Lâm (ch.b.), Nguyễn Văn Khánh, Nguyễn Đình Lễ | |
| 245 | 0 | |n T.2 | |
| 245 | 0 | |p 1858-1945 | |
| 260 | |a H. | ||
| 260 | |b Giáo dục Việt Nam | ||
| 260 | |c 2009 | ||
| 300 | |a 383tr | ||
| 520 | |a Bộ sách Đại cương Lịch sử Việt Nam gồm 3 tập, trình bày khái quát lịch sử Việt Nam từ thời sơ khai cho đến thời đại ngày nay với bức tranh tổng thể về tất cả các lĩnh vực: xã hội, kinh tế, chính trị, văn hóa, ... Tập 2 nghiên cứu từ 1858 đến 1945.; LS030 |d Tiến trình Lịch sử Việt Nam 2; LS031 |d Tiến trình Lịch sử Việt Nam 2; LS085 |d Việt Nam trong tiến trình lịch sử thế giới; LS103 |d Cơ cấu kinh tế xã hội Việt Nam thời cận đại | ||
| 650 | |a Việt Nam |x Lịch sử |y 1858-1945 | ||
| 700 | |a Nguyễn, Văn Khánh | ||
| 856 | |u http://lrc.tdmu.edu.vn/opac/search/detail.asp?aID=2&ID=14539 | ||
| 980 | |a Trung tâm Học liệu Trường Đại học Thủ Dầu Một | ||